|
|
|
|
| LEADER |
00000cam a2200000 a 4500 |
| 001 |
vtls001108782 |
| 003 |
SK-MaSNL |
| 005 |
20260301055436.0 |
| 008 |
250313s1980 xo a e n 000 0 slo |
| 015 |
|
|
|a SNBA1980
|
| 035 |
|
|
|a SNK000051624
|
| 035 |
|
|
|a urn:nbn:sk:snk-aml6e8
|
| 035 |
|
|
|a urn:nbn:sk:snk-am008up1
|
| 035 |
|
|
|a CDC94564-82EE-4A04-8D44-778353B00A71
|
| 040 |
|
|
|a SNK
|b slo
|c SNK
|e AACR2
|
| 041 |
0 |
|
|a slo
|
| 044 |
|
|
|a xo
|c SK
|
| 080 |
|
|
|a 72.011.8+72.04(075.8)
|2 1981
|
| 080 |
|
|
|a 72.04(075.8)
|2 1981
|
| 100 |
1 |
|
|a Valachovič, Ján
|4 aut
|9 350736
|
| 245 |
1 |
0 |
|a Interiér a výtvarný detail
|c Ján Valachovič
|
| 250 |
|
|
|a 1. vyd., 1. dotl.
|
| 260 |
|
|
|a Bratislava
|b Slovenská vysoká škola technická
|c 1980
|
| 300 |
|
|
|a 191 s.
|b sch.
|c 29 cm
|
| 366 |
|
|
|e 200 výt.
|
| 504 |
|
|
|a Bibliogr. odkazy
|
| 650 |
0 |
7 |
|a interiéry
|2 SNKPH
|9 2953
|
| 650 |
0 |
7 |
|a architektonika
|2 SNKPH
|9 369067
|
| 655 |
|
7 |
|a učebnice vysokých škôl
|2 SNKPH
|9 70191
|
| 852 |
|
|
|a Slovenská národná knižnica
|
| 958 |
|
|
|a OND
|
| 958 |
|
|
|a NB
|
| 958 |
|
|
|a RM
|
| 958 |
|
|
|a UV
|
| 999 |
|
|
|c 613368
|d 615298
|
| 952 |
|
|
|t P60, <04>, [BOOK], {604}
|a SNK
|b SNK
|y VYP
|7 0
|p 17A0074098
|o snkSB 30114 D1
|i snkKSP 5283/80
|0 0
|1 0
|4 0
|d 1997-06-28
|l 0
|r 2004-12-31 00:00:00
|w 2026-02-23
|
| 952 |
|
|
|a SNK
|b SNK
|y PREZ
|7 0
|p 17A0998198
|o snkSB 30114
|i snkKSP 5282/80
|0 0
|1 0
|4 0
|d 2012-07-30
|f 1
|l 0
|r 2025-04-03 00:00:00
|w 2026-02-23
|